000 00309nam a2200133Ia 4500
008 150201s2005 xx 000 0 und d
082 _a618.92
_bP05S
100 _aSATHY, N
245 _aPRACTICAL PEDIATRICS
260 _bELSEVIER
_aDELHI
_c2005
300 _a1-288
650 _aPAEDIATRICS
942 _2ddc
_cBK
999 _c1292
_d1292